00809nam a2200181 a 4500003000200000005001700002008004100019050002700060100003100087245020000118260009000318300004100408504004100449650003600490650003800526650003300564650003000597020250609090934.0030604s19uu xx 00 eng d aPHS HV 6025b.P53 2001 aPiad, Rexianne Caroline M. aA Study on the relationship of heinous crime and certain variables/ characteristics of convicted criminals who are incarcerated at the National Bureau of Corrections /cRexianne Caroline M. Piad. aLas Piñas City, Philippines :bSouthville International School and Colleges,c2001. a116 pages :billustrations ;c28 cm. aIncludes bibliographical references. aCriminal behaviorzPhilippines. aCrime and criminalszPhilippines. aViolent crimeszPhilippines. aCorrectionszPhilippines.